UBT Library

The Articles of confederation; (Record no. 39138)

000 -LEADER
fixed length control field 00474cam a2200205u 4500
001 - CONTROL NUMBER
control field 7380175
005 - DATE AND TIME OF LATEST TRANSACTION
control field 20171219040156.0
008 - FIXED-LENGTH DATA ELEMENTS--GENERAL INFORMATION
fixed length control field 810313s1940 wiu 000 0 eng
010 ## - LIBRARY OF CONGRESS CONTROL NUMBER
LC control number 40034489
040 ## - CATALOGING SOURCE
Original cataloging agency DLC
Transcribing agency CarP
Modifying agency DLC
041 ## - LANGUAGE CODE
Language code of text/sound track or separate title eng
043 ## - GEOGRAPHIC AREA CODE
Geographic area code n-us---
080 ## - UNIVERSAL DECIMAL CLASSIFICATION NUMBER
Universal Decimal Classification number 34 JEN
082 ## - DEWEY DECIMAL CLASSIFICATION NUMBER
Classification number 34 JEN
100 1# - Rafti
Rafti 14
101 ## - Shkurtesa
Shkurtesa JUR
245 14 - TITLE STATEMENT
Title The Articles of confederation;
906 ## - LOCAL DATA ELEMENT F, LDF (RLIN)
a 0
b cbc
c premunv
d u
e ncip
f 19
g y-gencatlg
942 ## - ADDED ENTRY ELEMENTS (KOHA)
Source of classification or shelving scheme
Item type Books
Holdings
Withdrawn status Lost status Source of classification or shelving scheme Damaged status Not for loan Collection code Permanent location Current location Shelving location Date acquired Total Checkouts Full call number Barcode Date last seen Price effective from Koha item type
          Koleksioni i përgjithshem UBT - Lipjan UBT - Lipjan Koleksioni i përgjithshem 12/19/2017   34 JEN 002-2939518 12/19/2017 12/19/2017 Books
UBT Library © 2015-2024. All rights reserved University Education for Business and Technology